Kashmir a traedy of errors / (Record no. 194036)
[ view plain ]
| 000 -LEADER | |
|---|---|
| fixed length control field | 00807 a2200157 4500 |
| 003 - CONTROL NUMBER IDENTIFIER | |
| control field | Nust |
| 005 - DATE AND TIME OF LATEST TRANSACTION | |
| control field | 20230208120703.0 |
| 040 ## - CATALOGING SOURCE | |
| Transcribing agency | Nust |
| 082 ## - DEWEY DECIMAL CLASSIFICATION NUMBER | |
| Classification number | 954.6,SIN |
| 100 ## - MAIN ENTRY--PERSONAL NAME | |
| Personal name | Tavleen Singh |
| 9 (RLIN) | 108740 |
| 245 ## - TITLE STATEMENT | |
| Title | Kashmir a traedy of errors / |
| 260 ## - PUBLICATION, DISTRIBUTION, ETC. | |
| Place of publication, distribution, etc. | New Delhi |
| Name of publisher, distributor, etc. | Viking Publishers |
| Date of publication, distribution, etc. | 1995 |
| 300 ## - PHYSICAL DESCRIPTION | |
| Extent | xi:254 pages |
| 505 ## - FORMATTED CONTENTS NOTE | |
| Formatted contents note | A History of Mistrust (Page-1), Discovering Kashmiriyat (Page-18), A Bitter Campaign (Page-34), Farooq,s Dismissal (Page-49), A Big Step Backwards (Page-63), The Fires of 84 (Page-77), Accord Breeds Discord (Page-90), A Turn for the Worse (Page-105), A loss of Nerve (Page-118), Crackdown (Page-135), A Change of Guard (Page-152), An Undeclared War (Page-166), Missed Opportunity (Page-182), The View from Pakistan (Page-196), Inhuman Errors (Page-212). |
| 942 ## - ADDED ENTRY ELEMENTS (KOHA) | |
| Source of classification or shelving scheme | |
| Koha item type | Book |
| Withdrawn status | Lost status | Source of classification or shelving scheme | Damaged status | Not for loan | Permanent Location | Current Location | Shelving location | Date acquired | Full call number | Barcode | Date last seen | Price effective from | Koha item type | Public note |
|---|---|---|---|---|---|---|---|---|---|---|---|---|---|---|
| Military College of Signals (MCS) | Military College of Signals (MCS) | General Stacks | 12/12/2016 | 954.6,SIN | MCS23031 | 12/08/2016 | 12/12/2016 | Book | Almirah No.61, Shelf No.6 |
